<?xml version="1.0" encoding="UTF-8"?>
<record
    xmlns:xsi="http://www.w3.org/2001/XMLSchema-instance"
    xsi:schemaLocation="http://www.loc.gov/MARC21/slim http://www.loc.gov/standards/marcxml/schema/MARC21slim.xsd"
    xmlns="http://www.loc.gov/MARC21/slim">

  <leader>02615njm a2200457Ia 4500</leader>
  <controlfield tag="001">78453</controlfield>
  <controlfield tag="003">IT-RoPAU</controlfield>
  <controlfield tag="005">20220918181122.0</controlfield>
  <controlfield tag="008">131025s9999    xx            000 0 und d</controlfield>
  <datafield tag="040" ind1=" " ind2=" ">
    <subfield code="a">IT-RoPAU</subfield>
  </datafield>
  <datafield tag="040" ind1=" " ind2=" ">
    <subfield code="c">IT-RoPAU</subfield>
  </datafield>
  <datafield tag="999" ind1=" " ind2=" ">
    <subfield code="c">99902</subfield>
    <subfield code="d">99902</subfield>
  </datafield>
  <datafield tag="999" ind1=" " ind2=" ">
    <subfield code="b">n.d.</subfield>
  </datafield>
  <datafield tag="100" ind1=" " ind2=" ">
    <subfield code="a">AA.VV.</subfield>
    <subfield code="9">794</subfield>
  </datafield>
  <datafield tag="100" ind1=" " ind2=" ">
    <subfield code="e">Autore musica</subfield>
    <subfield code="9">25730</subfield>
  </datafield>
  <datafield tag="100" ind1=" " ind2=" ">
    <subfield code="g">Codice autore musica SPICS: 12000</subfield>
    <subfield code="9">796</subfield>
  </datafield>
  <datafield tag="245" ind1=" " ind2=" ">
    <subfield code="a">Chet Baker Sings and Plays From the Film "Let's Get Lost" A Film By Bruce Weber</subfield>
  </datafield>
  <datafield tag="250" ind1=" " ind2=" ">
    <subfield code="a">1a ed.</subfield>
  </datafield>
  <datafield tag="260" ind1=" " ind2=" ">
    <subfield code="a">NEW YORK</subfield>
  </datafield>
  <datafield tag="260" ind1=" " ind2=" ">
    <subfield code="b">RCA RECORDS</subfield>
    <subfield code="c">1989 [1a Ed.:1989 - Ed. Lingua Orig.: 1989]</subfield>
  </datafield>
  <datafield tag="300" ind1=" " ind2=" ">
    <subfield code="a">DISCO</subfield>
  </datafield>
  <datafield tag="300" ind1=" " ind2=" ">
    <subfield code="c">51 minuti (Testo: 0 pag.)</subfield>
  </datafield>
  <datafield tag="500" ind1=" " ind2=" ">
    <subfield code="a">Colonna sonora del film "Let's Get Lost" di Bruce Weber. Musica da film</subfield>
  </datafield>
  <datafield tag="505" ind1=" " ind2=" ">
    <subfield code="a">Zingaro A/K/A Portrait In Black &amp; White (8:00) - Blame It On My Youth (7:00) - My One and Only Love (6:00) - Almost Blue (4:00) - Moon &amp; Sand (6:00) - Imagination (5:00) - You're My Thrill (5:00) - Every Time We Say Goodbye (5:00) - Daydream (5:00)</subfield>
  </datafield>
  <datafield tag="650" ind1=" " ind2=" ">
    <subfield code="a">COLONNA SONORA [DISCHI]</subfield>
    <subfield code="e">Codice MATERIA SPICS: 9950</subfield>
    <subfield code="9">25731</subfield>
  </datafield>
  <datafield tag="700" ind1=" " ind2=" ">
    <subfield code="a">Jobim Antonio Carlos</subfield>
    <subfield code="d">Codice autore musica SPICS: 21135</subfield>
    <subfield code="e">Autore musica</subfield>
    <subfield code="p">Zingaro A/K/A Portrait In Black &amp; White</subfield>
    <subfield code="9">25732</subfield>
  </datafield>
  <datafield tag="700" ind1=" " ind2=" ">
    <subfield code="a">Heyman Edward</subfield>
    <subfield code="d">Codice autore musica SPICS: 15566</subfield>
    <subfield code="e">Autore musica</subfield>
    <subfield code="p">Blame It On My Youth</subfield>
    <subfield code="9">25733</subfield>
  </datafield>
  <datafield tag="700" ind1=" " ind2=" ">
    <subfield code="a">Levant Oscar</subfield>
    <subfield code="d">Codice autore SPICS: 27031</subfield>
    <subfield code="e">Autore</subfield>
    <subfield code="p">Blame It On My Youth</subfield>
    <subfield code="9">25734</subfield>
  </datafield>
  <datafield tag="700" ind1=" " ind2=" ">
    <subfield code="a">Mellin Robert</subfield>
    <subfield code="d">Codice autore musica SPICS: 20417</subfield>
    <subfield code="e">Autore musica</subfield>
    <subfield code="p">My One and Only Love</subfield>
    <subfield code="9">25735</subfield>
  </datafield>
  <datafield tag="700" ind1=" " ind2=" ">
    <subfield code="a">Wood Guy</subfield>
    <subfield code="d">Codice autore SPICS: 25119</subfield>
    <subfield code="e">Autore</subfield>
    <subfield code="p">My One and Only Love</subfield>
    <subfield code="9">25736</subfield>
  </datafield>
  <datafield tag="700" ind1=" " ind2=" ">
    <subfield code="a">Costello Elvis</subfield>
    <subfield code="d">Codice autore musica SPICS: 26748</subfield>
    <subfield code="e">Autore musica</subfield>
    <subfield code="p">Almost Blue</subfield>
    <subfield code="9">25737</subfield>
  </datafield>
  <datafield tag="700" ind1=" " ind2=" ">
    <subfield code="a">Anonimo</subfield>
    <subfield code="d">Codice autore musica SPICS: 2620</subfield>
    <subfield code="e">Autore musica</subfield>
    <subfield code="p">Moon &amp; Sand</subfield>
    <subfield code="9">25738</subfield>
  </datafield>
  <datafield tag="700" ind1=" " ind2=" ">
    <subfield code="a">Burke Johnny</subfield>
    <subfield code="d">Codice autore musica SPICS: 15743</subfield>
    <subfield code="e">Autore musica</subfield>
    <subfield code="p">Imagination</subfield>
    <subfield code="9">25739</subfield>
  </datafield>
  <datafield tag="700" ind1=" " ind2=" ">
    <subfield code="a">Van Heusen Jimmy</subfield>
    <subfield code="d">Codice autore SPICS: 15744</subfield>
    <subfield code="e">Autore</subfield>
    <subfield code="p">Imagination</subfield>
    <subfield code="9">25740</subfield>
  </datafield>
  <datafield tag="700" ind1=" " ind2=" ">
    <subfield code="a">Clare Sidney</subfield>
    <subfield code="d">Codice autore musica SPICS: 20773</subfield>
    <subfield code="e">Autore musica</subfield>
    <subfield code="p">You're My Thrill</subfield>
    <subfield code="9">25741</subfield>
  </datafield>
  <datafield tag="700" ind1=" " ind2=" ">
    <subfield code="a">Gorney Jay</subfield>
    <subfield code="d">Codice autore SPICS: 27032</subfield>
    <subfield code="e">Autore</subfield>
    <subfield code="p">You're My Thrill</subfield>
    <subfield code="9">25742</subfield>
  </datafield>
  <datafield tag="700" ind1=" " ind2=" ">
    <subfield code="a">Porter Cole</subfield>
    <subfield code="d">Codice autore musica SPICS: 13034</subfield>
    <subfield code="e">Autore musica</subfield>
    <subfield code="p">Every Time We Say Goodbye</subfield>
    <subfield code="9">25743</subfield>
  </datafield>
  <datafield tag="700" ind1=" " ind2=" ">
    <subfield code="a">Ellington Duke</subfield>
    <subfield code="d">Codice autore musica SPICS: 13023</subfield>
    <subfield code="e">Autore musica</subfield>
    <subfield code="p">Daydream</subfield>
    <subfield code="9">25744</subfield>
  </datafield>
  <datafield tag="700" ind1=" " ind2=" ">
    <subfield code="a">Strayhorn Billy</subfield>
    <subfield code="d">Codice autore SPICS: 16295</subfield>
    <subfield code="e">Autore</subfield>
    <subfield code="p">Daydream</subfield>
    <subfield code="9">25745</subfield>
  </datafield>
  <datafield tag="700" ind1=" " ind2=" ">
    <subfield code="a">Latouche John</subfield>
    <subfield code="d">Codice autore testo/musica SPICS: 18014</subfield>
    <subfield code="e">Autore testo/musica</subfield>
    <subfield code="p">Daydream</subfield>
    <subfield code="9">25746</subfield>
  </datafield>
  <datafield tag="942" ind1=" " ind2=" ">
    <subfield code="c">MD</subfield>
    <subfield code="2">ddc</subfield>
  </datafield>
  <datafield tag="952" ind1=" " ind2=" ">
    <subfield code="0">0</subfield>
    <subfield code="1">0</subfield>
    <subfield code="4">0</subfield>
    <subfield code="6">78453_000000000000000</subfield>
    <subfield code="7">1</subfield>
    <subfield code="a">SPICS</subfield>
    <subfield code="b">SPICS</subfield>
    <subfield code="d">2013-10-25</subfield>
    <subfield code="l">0</subfield>
    <subfield code="o">78453</subfield>
    <subfield code="r">2013-10-25 00:00:00</subfield>
    <subfield code="w">2013-10-25</subfield>
    <subfield code="y">MD</subfield>
    <subfield code="z">Progr. Ins.: 18715 / N.Vol.: 1 / Copie: 1 - Copia rara: n.d. / date import: 01.01.2014 - By Epidotti, Trombetti, Vaglietti</subfield>
  </datafield>
</record>
